000 00573nam a2200241Ia 4500
003 OSt
005 20220924153348.0
006 a|||||r|||| 00| 0
007 ta
008 220923b |||||||| |||| 00| 0 tam d
024 _a349619
037 _cTextual
040 _aARTS
_cARTS
_btam
041 _2tam
_atam
082 _aD85, 31P4
100 _aMallika Ed.
_9228651
245 0 _aThnneer
260 _c2004
300 _a120p.
_ccm.
650 _aENGINEERING
_92968
942 _hD85, 31P4
_cTEXL
_2CC
999 _c473349
_d473349